Loading...
| History - World | 0 | 5 | 0 | 1 | 50 | 68 | 89.40 | 2 | 5 | 0.00 | 0.00 |
| History - Other | 0 | 5 | 1 | 0 | 45 | 49 | 86.00 | 0 | 3 | 0.00 | 0.00 |
| Fine Arts - Painting and Sculpture | 0 | 3 | 0 | 1 | 30 | 132 | 135.00 | 0 | 1 | 0.00 | 0.00 |
| History - American | 0 | 3 | 1 | 2 | 25 | 94 | 114.00 | 0 | 2 | 0.00 | 0.00 |
| Current Events | 0 | 2 | 0 | 1 | 20 | 104 | 118.00 | 0 | 0 | 0.00 | 0.00 |
| Literature - American | 0 | 2 | 0 | 0 | 20 | 114 | 132.00 | 0 | 1 | 0.00 | 0.00 |
| Literature - European | 0 | 2 | 0 | 0 | 20 | 51 | 93.00 | 0 | 2 | 0.00 | 0.00 |
| Religion | 0 | 2 | 0 | 0 | 20 | 91 | 92.50 | 1 | 2 | 0.00 | 0.00 |
| Literature - World | 0 | 1 | 0 | 0 | 10 | 122 | 122.00 | 0 | 1 | 0.00 | 0.00 |
| Geography | 0 | 1 | 0 | 0 | 10 | 61 | 61.00 | 1 | 1 | 0.00 | 0.00 |
| Fine Arts - Other | 0 | 1 | 0 | 0 | 10 | 85 | 85.00 | 0 | 1 | 0.00 | 0.00 |
| Philosophy | 0 | 1 | 0 | 1 | 10 | 130 | 130.00 | 0 | 1 | 0.00 | 0.00 |
| History - European | 0 | 1 | 0 | 0 | 10 | 51 | 51.00 | 0 | 1 | 0.00 | 0.00 |
| Literature - British | 0 | 0 | 0 | 0 | 0 | 0.00 | 0 | 0 | 0.00 | 0.00 | |
| Social Science | 0 | 0 | 1 | 0 | -5 | 0.00 | 0 | 0 | 0.00 | 0.00 |